Statistics for Best EA FC 24 SerieA Cards (80+)

Click here to take the quiz!

General Stats

  • This quiz has been taken 39 times
  • The average score is 61 of 74

Answer Stats

OVRAnswer% Correct
87Flag of ArgentinaST26Lautaro Martínez
100%
86Flag of ItalyCM27Nicolò Barella
97%
86IlustracjaFlag of PortugalLW24Rafael Leão
97%
88SSC Neapel.svgFlag of NigeriaST25Victor Osimhen
97%
85Flag of ItalyCB24Alessandro Bastoni
94%
85S.S. Lazio badge.svgFlag of ItalyST34Ciro Immobile
94%
83Juventus FC 2017 icon (black).svgFlag of SerbiaST24Dušan Vlahović
94%
85SSC Neapel.svgFlag of ItalyRB30Giovanni Di Lorenzo
94%
86AS Roma logo (2017).svgFlag of ArgentinaCF30Paulo Dybala
94%
84Flag of Switzerland (Pantone)GK35Yann Sommer
94%
84Juventus FC 2017 icon (black).svgFlag of France (1794–1815, 1830–1974)CM28Adrien Rabiot
91%
83SSC Neapel.svgFlag of ItalyGK27Alex Meret
91%
84Juventus FC 2017 icon (black).svgFlag of BrazilCB27Bremer
91%
81Flag of the NetherlandsRWB27Denzel Dumfries
91%
85US Sassuolo Calcio logo.svgFlag of ItalyRW29Domenico Berardi
91%
84IlustracjaFlag of EnglandCB26Fikayo Tomori
91%
86SSC Neapel.svgFlag of GeorgiaLW23Khvicha Kvaratskhelia
91%
81SSC Neapel.svgFlag of PortugalLB32Mário Rui
91%
87IlustracjaFlag of France (1794–1815, 1830–1974)GK28Mike Maignan
91%
82IlustracjaFlag of France (1794–1815, 1830–1974)ST37Olivier Giroud
91%
84AS Roma logo (2017).svgFlag of BelgiumST30Romelu Lukaku
91%
84SSC Neapel.svgFlag of SlovakiaCM29Stanislav Lobotka
91%
85IlustracjaFlag of France (1794–1815, 1830–1974)LB26Theo Hernández
91%
83SSC Neapel.svgFlag of CameroonCDM28André-Franck Zambo Anguissa
88%
84AS Roma logo (2017).svgFlag of EnglandCB34Chris Smalling
88%
83Juventus FC 2017 icon (black).svgFlag of SerbiaLM31Filip Kostić
88%
85Flag of TurkeyCM30Hakan Çalhanoğlu
88%
84S.S. Lazio badge.svgFlag of SpainCM31Luis Alberto
88%
83SSC Neapel.svgFlag of PolandCM29Piotr Zieliński
88%
81AS Roma logo (2017).svgFlag of PortugalGK36Rui Patrício
88%
81IlustracjaFlag of DenmarkCB35Simon Kjær
88%
82Flag of the NetherlandsCB32Stefan de Vrij
88%
81Juventus FC 2017 icon (black).svgFlag of PolandST30Arkadiusz Milik
84%
81Juventus FC 2017 icon (black).svgFlag of BrazilCB32Danilo
84%
80SSC Neapel.svgFlag of North MacedoniaCAM24Eljif Elmas
84%
84Juventus FC 2017 icon (black).svgFlag of ItalyLM26Federico Chiesa
84%
81S.S. Lazio badge.svgFlag of BrazilRW30Felipe Anderson
84%
83Flag of ItalyCB36Francesco Acerbi
84%
84IlustracjaFlag of AlgeriaCDM26Ismaël Bennacer
84%
82Juventus FC 2017 icon (black).svgFlag of ItalyCDM26Manuel Locatelli
84%
83Flag of France (1794–1815, 1830–1974)CB28Banjamin Pavard
81%
82US Salernitana 1919 logo.svgFlag of SenegalST27Boulaye Dia
81%
82Flag of ItalyLWB26Federico Dimarco
81%
81Flag of Armenia.svgCAM35Henrikh Mkhitaryan
81%
80AS Roma logo (2017).svgFlag of ItalyLWB31Leonardo Spinazzola
81%
80Flag of AustriaST34Marko Arnautović
81%
81SSC Neapel.svgFlag of ItalyRW30Matteo Politano
81%
80AS Roma logo (2017).svgFlag of EnglandST26Tammy Abraham
81%
86Juventus FC 2017 icon (black).svgFlag of PolandGK33Wojciech Szczęsny
81%
81AtalantaBC.svgFlag of NigeriaST26Ademola Lookman
78%
81S.S. Lazio badge.svgFlag of JapanCAM27Daichi Kamada
78%
81Torino FC Logo.svgFlag of ColombiaST33Duván Zapata
78%
80Udinese Calcio logo.svgFlag of SpainCF30Gerard Deulofeu
78%
80Flag of ColombiaRM35Juan Cuadrado
78%
83AS Roma logo (2017).svgFlag of ItalyCAM27Lorenzo Pellegrini
78%
812022 ACF Fiorentina logo.svgFlag of ArgentinaRW25Nicolás González
78%
83S.S. Lazio badge.svgFlag of ItalyCB29Alessio Romagnoli
75%
81IlustracjaFlag of ItalyRB27Davide Calabria
75%
81US Salernitana 1919 logo.svgFlag of MexicoGK38Guillermo Ochoa
75%
80AtalantaBC.svgCAM29Mario Pašalić
75%
80AtalantaBC.svgFlag of the NetherlandsCDM33Marten de Roon
75%
83AS Roma logo (2017).svgFlag of ItalyCB27Gianluca Mancini
72%
81SSC Neapel.svgFlag of KosovoCB30Amir Rrahmani
69%
80AtalantaBC.svgFlag of the NetherlandsCM26Teun Koopmeiners
69%
80US Sassuolo Calcio logo.svgFlag of France (1794–1815, 1830–1974)LW25Armand Laurienté
66%
81AS Roma logo (2017).svgFlag of ItalyCDM29Bryan Cristante
66%
82S.S. Lazio badge.svgFlag of ItalyGK30Ivan Provedel
66%
80AtalantaBC.svgFlag of ItalyCB33Rafael Tolói
66%
81IlustracjaFlag of NigeriaRW24Samuel Chukwueze
66%
802022 ACF Fiorentina logo.svgFlag of ItalyLB31Cristiano Biraghi
63%
80Flag of ItalyCM24Davide Frattesi
59%
82S.S. Lazio badge.svgFlag of ItalyLW28Mattia Zaccagni
59%
80S.S. Lazio badge.svgFlag of MontenegroLB31Adam Marušić
56%
80Flag of ItalyCB34Matteo Darmian
53%

Score Distribution

Percentile by Number Answered

Percent of People with Each Score

Your Score History

You have not taken this quiz